Estudio de prefactibilidad para la creación de una empresa comercializadora de plantas ornamentales en la ciudad de Managua

El presente estudio evaluó la prefactibilidad de crear una crear una empresa comercializadora de plantas ornamentales basándose en la demanda y la oferta, en los requerimientos necesarios operacionales, organizacionales y legales para ejecutar el proyecto en los resultados presentados en los indic...

Full description

Bibliographic Details
Main Authors: Martinez Orozco, Esmeralda Ninette, Rivera Nicaragua, Karla Cecilia, Moreno Kuam, Rafael Antonio
Other Authors: Tutor: Gómez Jaime, Dora Isabel
Format: Tesis Section = Libro
Language:Undetermined
Spanish
Published: Managua UNI 2012
Subjects:
LEADER 01236nam a2200265Ia 4500
008 240830s9999 xx 000 0 und d
040 |a BIBLIOTECA-RUPAP Mon 658.11 M385 
041 |a spa 
082 |a Mon 658.11 M385 
100 1 |a Martinez Orozco, Esmeralda Ninette 
100 1 |b Rivera Nicaragua, Karla Cecilia 
100 1 |c Moreno Kuam, Rafael Antonio 
245 1 0 |a Estudio de prefactibilidad para la creación de una empresa comercializadora de plantas ornamentales en la ciudad de Managua 
260 |a Managua  |b UNI  |c 2012 
300 |a 237 p. :il. 
500 |a Contiene: anexos e Incluye: CD. 
502 |a Tesis (Ingeniero de Sistemas)- UNI, 2012. 
520 3 |a El presente estudio evaluó la prefactibilidad de crear una crear una empresa comercializadora de plantas ornamentales basándose en la demanda y la oferta, en los requerimientos necesarios operacionales, organizacionales y legales para ejecutar el proyecto en los resultados presentados en los indicadores financieros. 
650 7 |a FUNDACION DE EMPRESA COMERCIALIZADORA 
650 7 |b VENTAS DE PLANTAS ORNAMENTALES  
650 7 |c MANAGUA ESTUDIO DE MERCADO 
700 1 |a Tutor:  |b Gómez Jaime, Dora Isabel 
942 |c BK  |2 ddc 
991 |a TESIS 
999 |c 16952